| 000 | 00727cam a2200265 4500 | ||
|---|---|---|---|
| 008 | 090401t1992 xxu||||| |||| 00| 0 eng d | ||
| 020 | _a0319002497 | ||
| 035 | _a(Sirsi) u72743 | ||
| 041 | _aeng | ||
| 050 | _a526.809 | ||
| 100 | _aOwen, Tim | ||
| 245 | _aOrdnance Survey : map makers to Britain since 1791. | ||
| 260 |
_aSouthampton: London _bOrdnance Survey: HMSO _c1992 |
||
| 300 | _a196p. : ill. ; 28cm. | ||
| 350 | _a14.95 | ||
| 520 | _aAn illustrated history of the Ordnance Survey to mark its 200th anniversary. | ||
| 650 | _aCARTOGRAPHY | ||
| 650 | _aHISTORY | ||
| 650 | _aMAPS | ||
| 650 | _aORDNANCE SURVEY | ||
| 690 | _aMAPPING | ||
| 700 | _aPilbeam, Elaine | ||
| 942 | _n0 | ||
| 948 | _c04/03/1997 | ||
| 999 |
_c95525 _d95525 |
||